| 000 | 01139cam a2200229 4500 | ||
|---|---|---|---|
| 001 | ##L134640 | ||
| 008 | 060822n2006 000 0 eng u | ||
| 020 | _a0955088518 | ||
| 035 | _a(Sirsi) u134640 | ||
| 041 | 0 | _aeng | |
| 050 | 0 | 4 | _a711.73 $2 18 |
| 110 | 2 |
_aEnglish Partnerships _91764 |
|
| 245 | 0 | 0 | _aCar parking: what works where |
| 260 |
_aLondon _bEnglish Partnerships _aLondon _bDesign for Homes _c2006 |
||
| 300 |
_a133p. _bill. _c30cm. |
||
| 520 | _aExamines current approaches to car parking and assesses their success in terms of safety, quality and adequacy of provision. Includes a discussion of car ownership levels, allocation of parking and parking efficiency, and also looks at recent innovations such as mechanized parking, homezones and car clubs. Includes a fold-out section which identifies which solutions work best in a central, urban or suburban environment and critical commentaries on 24 case studies. | ||
| 590 | _aIKA220806 | ||
| 651 |
_aUnited Kingdom _y |
||
| 690 | _aPROPERTY-INFRASTRUCTURE-ROAD INFRASTRUCTURE-ROAD TRANSPORT FACILITIES | ||
| 700 | 1 |
_aMcGeough, Kevin _eexecutive editor |
|
| 942 | _n0 | ||
| 999 |
_c105754 _d105754 |
||